University Home | Library Home | Institutional Repository

The new world of Central Africa : (Record no. 216568)

MARC details
000 -LEADER
fixed length control field 00560nam a22001577a 4500
005 - DATE AND TIME OF LATEST TRANSACTION
control field 20260409111934.0
008 - FIXED-LENGTH DATA ELEMENTS--GENERAL INFORMATION
fixed length control field 260409b |||||||| |||| 00| 0 eng d
040 ## - CATALOGING SOURCE
Original cataloging agency LC
Transcribing agency UNZA
Modifying agency UNZA
Description conventions RDA
050 ## - LIBRARY OF CONGRESS CALL NUMBER
Classification number ZAMB BV3520
Item number GUI 1890
100 ## - MAIN ENTRY--PERSONAL NAME
Personal name Guinness, H.Grattan
245 ## - TITLE STATEMENT
Title The new world of Central Africa :
Remainder of title with a history of the first christian mission on the Congo /
Statement of responsibility, etc. H.Grattan Guinness.
260 ## - PUBLICATION, DISTRIBUTION, ETC.
Place of publication, distribution, etc. London:
Name of publisher, distributor, etc. Hodder and Stoughton,
Date of publication, distribution, etc. 1890.
300 ## - PHYSICAL DESCRIPTION
Extent xx, 538 pages:
Other physical details illustrations, maps.
650 ## - SUBJECT ADDED ENTRY--TOPICAL TERM
Topical term or geographic name entry element Missions
Geographic subdivision Africa, Central.
942 ## - ADDED ENTRY ELEMENTS (KOHA)
Koha item type Zambian collection
999 ## -
-- 216568
-- 216568
Holdings
Withdrawn status Lost status Source of classification or shelving scheme Damaged status Not for loan Home library Current library Shelving location Date acquired Total Checkouts Full call number Barcode Date last seen Copy number Price effective from Koha item type
    Library of Congress Classification     Main Library Main Library Special collections 04/09/2026   ZAMB BV3520 GUI 1890 33729000122528 04/09/2026 C.1 04/09/2026 Zambian collection
© 2026 - The University of Zambia Library - Koha v25.11